000 00575nam a22002297a 4500
003 UA-OsUOA
001 96686
007 ta
008 20130321b un ||||| |||| 00| 0 ukr d
100 _aМоріц Ж.
090 _a821.511.141
_bМ79
942 _cBK
040 _aUA-OsUOA
_bukr
_cUA-OsUOA
_dUA-OsUOA
245 _aРодичі
_bроман
300 _a324 с.
955 _a3
041 _aukr
080 _a821.511.141
260 _aК.
_bДніпро
_c1979
650 7 _a82 Література. Літературознавство
_2UDC
999 _c382939
_d382939